El Bebetrén : Oviedo (Record no. 63207)

MARC details
000 -CABECERA
campo de control de longitud fija 00620nam a2200229 a 4500
005 - FECHA Y HORA DE LA ÚLTIMA TRANSACCIÓN
campo de control 20210219152907.0
008 - ELEMENTOS DE LONGITUD FIJA--INFORMACIÓN GENERAL
campo de control de longitud fija 991125n 000 0 spa u
035 ## - NÚMERO DE CONTROL DEL SISTEMA
Número de control de sistema UPN01000065932
100 1# - ASIENTO PRINCIPAL--NOMBRE PERSONAL
Nombre de persona Piquin, Rosa
222 ## - TÍTULO CLAVE
Título clave EDUCACION Y BIBLIOTECA :
222 ## - TÍTULO CLAVE
Información calificativa REVISTA MENSUAL DE DOCUMENTACION Y RECURSOS DIDACTICOS
245 ## - MENCIÓN DE TÍTULO
Título El Bebetrén : Oviedo
260 ## - PUBLICACIÓN, DISTRIBUCIÓN, ETC.
Lugar de publicación, distribución, etc. Madrid, España
300 ## - DESCRIPCIÓN FÍSICA
Extensión 22-23
362 0# - FECHAS DE PUBLICACIÓN Y/O DESIGNACIÓN SECUENCIAL
Fecha de publicación y/o designación secuencial 1996 Año 8, no. 73, nov.
653 0# - TERMINO DE INDIZACION - NO CONTROLADO
Término no controlado BIBLIOTECA ESCOLAR
653 0# - TERMINO DE INDIZACION - NO CONTROLADO
Término no controlado FOMENTO A LA LECTURA
700 1# - ASIENTO SECUNDARIO--NOMBRE DE PERSONAL
Nombre de persona Veiga, Chelo,
700 1# - ASIENTO SECUNDARIO--NOMBRE DE PERSONAL
Término indicativo de función/relación coaut.
904 ## - ELEMENTOS DE DATOS D LOCAL, LDD (RLIN)
a AC
b 003743
905 ## - TIPO DE MATERIAL
Tipo de material Articulo

No items available.